<?xml version="1.0" encoding="UTF-8"?>
<collection xmlns="http://www.loc.gov/MARC21/slim">
 <record>
  <leader>     na                 </leader>
  <controlfield tag="001">INLIS000000001344409</controlfield>
  <controlfield tag="005">20240712022231</controlfield>
  <datafield tag="035" ind1=" " ind2=" ">
   <subfield code="a">0010-0724000278</subfield>
  </datafield>
  <controlfield tag="007">ta</controlfield>
  <controlfield tag="008">240712                |          | |  </controlfield>
  <datafield tag="082" ind1=" " ind2=" ">
   <subfield code="a">L.310-20028</subfield>
  </datafield>
  <datafield tag="084" ind1=" " ind2=" ">
   <subfield code="a">L.310-20028 MUN p</subfield>
  </datafield>
  <datafield tag="100" ind1="0" ind2=" ">
   <subfield code="a">MUNFA’ATI</subfield>
   <subfield code="e">Pengarang</subfield>
  </datafield>
  <datafield tag="245" ind1="1" ind2=" ">
   <subfield code="a">PENGARUH MOTIVASI, INTENSITAS PENYULUHAN, DAN PELUANG PASAR TERHADAP PENERAPAN PERTANIAN ORGANIK DI DESA JUNREJO, KECAMATAN JUNREJO, KOTA BATU /</subfield>
   <subfield code="c">Polbangtan Malang</subfield>
  </datafield>
  <datafield tag="300" ind1=" " ind2=" ">
   <subfield code="a">126 hlm</subfield>
  </datafield>
  <datafield tag="520" ind1=" " ind2=" ">
   <subfield code="a">Munfa’ati, NIRM 07.1.2.16.2068. Pengaruh Motivasi, Intensitas&#13;
Penyuluhan, Peluang Pasar Terhadap penerapan Pertanian Organik di Desa&#13;
Junrejo, Kecamatan Junrejo, Kota Batu. Bapak Ir. Budianto, MP selaku Dosen&#13;
Pembimbing Pertama, dan Bapak Hamyana, SST, M.Si selaku Dosen&#13;
Pembimbing Kedua.&#13;
Penelitian ini memiliki tujuan untuk mengetahui pengaruh motivasi,&#13;
intensitas penyuluhan, dan peluang pasar terhadap penerapan pertanian organik&#13;
khususnya pada komoditas sayuran yang dibudidayakan oleh petani desa&#13;
Junrejo, Kota Batu yang masih belum berjalan maksimal, serta untuk mengetahui&#13;
feedback yang diberikan oleh sasaran terhadap rancangan penyuluhan. Metode&#13;
yang digunakan dalam penelitian ini merupakan metode kuantitatif deskriptif,&#13;
data yang digunakan berupa data primer yang diperoleh melalui penyebaran&#13;
kuisioner, dan data sekunder yang diperoleh dari pihak terkait. Populasi&#13;
penelitian ini sebanyak 258 dari 7 kelompok tani di Desa Junrejo, dan diambil&#13;
sebanyak 72 sampel untuk penelitian dengan menggunakan rumus slovin (2016).&#13;
Analisis data dilakukan dengan analisis regresi linier berganda dengan&#13;
menunjukkan hasil sebagai berikut: secara simultan (bersama-sama) bahwa&#13;
(motivasi, intensitas penyuluhan, dan peluang pasar) berpengaruh secara&#13;
signifikan terhadap penerapan pertanian organik sayuran di Desa junrejo.&#13;
Berdasarkan uji parsial (sendiri-sendiri) menghasilkan bahwa motivasi dan&#13;
peluang pasar memberikan pengaruh secara signifikan terhadap penerapan&#13;
pertanian organik sayuran, sedangkan variabel intensitas penyuluhan masih&#13;
belum memberikan pengaruh yang signifikan terhadap penerapan pertanian&#13;
organik sayuran di Desa Junrejo.&#13;
Berdasarkan hasil penelitian yang telah dilakukan, disusun kontekstualisasi&#13;
hasil kajian dengan implementasi rancangan penyuluhan dengan menggunakan&#13;
analisis SWOT. Analisis SWOT menjadi strategi yang digunakan untuk mencari&#13;
solusi dengan menekankan pada yang berpengaruh secara signifikan terhadap&#13;
penerapan pertanian organik faktor sayuran didesa junrejo. Hasil yang diperoleh&#13;
dari analisis SWOT dijadikan sebagai acuan dalam menetapkan materi&#13;
penyuluhan sebagai berikut: 1) Keuntungan dalam menerapkan pertanianii&#13;
organik serta manfaat yang diberikan jangka panjang; 2) Informasi seputar tren&#13;
gaya hidup sehat dimasyarakat; 3) Peluang penerapan pertanian organik.&#13;
Tujuan dari pelaksanaan penyuluhan adalah untuk memberikan informasi&#13;
kepada sasaran mengenai pertanian khususnya pada pertanian organik melalui&#13;
materi, media, dan metode yang ditentukan untuk mengetahui feedback yang&#13;
diberikan oleh sasaran dengan melihat kecenderungan atau sentimen terhadap&#13;
rancangan penyuluhan. Metode penyuluhan yang digunakan adalah metode&#13;
penyuluhan tidak langsung dengan memanfaatkan media sosial berupa youtube&#13;
sebagai sarana dalam penyampaian informasi</subfield>
  </datafield>
  <datafield tag="600" ind1=" " ind2="4">
   <subfield code="a">PPB, motivasi, intensitas penyuluhan, peluang pasar, penerapan pertanian organik sayuran, Junrejo, Kota Batu.</subfield>
  </datafield>
  <datafield tag="336" ind1=" " ind2=" ">
   <subfield code="2">rdacontent</subfield>
   <subfield code="a">Text</subfield>
  </datafield>
  <datafield tag="337" ind1=" " ind2=" ">
   <subfield code="2">rdamedia</subfield>
   <subfield code="a">Buku Tercetak</subfield>
  </datafield>
  <datafield tag="338" ind1=" " ind2=" ">
   <subfield code="2">rdacarrier</subfield>
   <subfield code="a">Hardcopy</subfield>
  </datafield>
  <datafield tag="264" ind1=" " ind2=" ">
   <subfield code="a">Malang :</subfield>
   <subfield code="b">Polbangtan Malang,</subfield>
   <subfield code="c">2023</subfield>
  </datafield>
  <datafield tag="990" ind1=" " ind2=" ">
   <subfield code="a">L.310-20028</subfield>
  </datafield>
 </record>
</collection>
